000 00297nam a22001337a 4500
008 170712b xxu||||| |||| 00| 0 eng d
020 _a9780922066636
041 _aeng
080 _a038
100 _a23
101 _aFJA
245 _aDICTIONARY OF UNCOMMON WORDS
_cURDANG, L
942 _2udc
_cBK
999 _c20267
_d20267